5HLuxD.jpg

KING HENRY VIII SENIOR AND PRIMARY SCHOOL LIBRARY OPAC

NEVER SHAKE A RATTLESNAKE (Record no. 4497)

000 -LEADER
fixed length control field 00350nam a22001217a 4500
008 - FIXED-LENGTH DATA ELEMENTS--GENERAL INFORMATION
fixed length control field 250225b ||||| |||| 00| 0 eng d
020 ## - INTERNATIONAL STANDARD BOOK NUMBER
International Standard Book Number 9780330512299
082 ## - DEWEY DECIMAL CLASSIFICATION NUMBER
Classification number 823.92 MOR
100 ## - MAIN ENTRY--PERSONAL NAME
Personal name MORGAN,MICHAELA
Relator term AUTHOR
245 ## - TITLE STATEMENT
Title NEVER SHAKE A RATTLESNAKE
260 ## - PUBLICATION, DISTRIBUTION, ETC.
Place of publication, distribution, etc. 20 NEW WHARF ROAD,LONDON N1 9RR
Name of publisher, distributor, etc. MACMILLAN'S CHILDREN'S BOOKS
Date of publication, distribution, etc. 2011
942 ## - ADDED ENTRY ELEMENTS (KOHA)
Source of classification or shelving scheme
Holdings
Withdrawn status Lost status Source of classification or shelving scheme Damaged status Not for loan Collection code Permanent Location Current Location Shelving location Date acquired Full call number Barcode Date last seen Price effective from Koha item type Public note
          Fiction KH8 Primary School Library KH8 Primary School Library Fiction 2025-02-25 823.92 MOR KHPL000006209 2025-12-05 2025-02-25 Books - Fiction KH8 PRIMARY LIBRARY

Powered By KH8 IT Dept